| 000 | 00633nam a2200145Ia 4500 | ||
|---|---|---|---|
| 008 | 170221s9999 xx 000 0 und d | ||
| 100 | _aMarina B. Kozhanova | ||
| 245 | _aFeatures of Pedagogical Management of Students Civil and Patriotic Qualities Forming | ||
| 245 | _cMarina B. Kozhanova, Igor V. Kozhanov, Gulnara R. Ibraeva, Valentina A. Komelina, Dmitry A. Krylov, Nikolai V. Kuzmin, Nadezhda N. Golovina, Svetlana A. Arefeva | ||
| 260 | _bInternational Review of Management and Marketing | ||
| 260 | _c2012 | ||
| 300 | _a7 : 1 | ||
| 650 | _xMarketing. | ||
| 856 | _uhttp://www.econjournals.com/index.php/irmm/issue/view/71 | ||
| 999 |
_c313953 _d313953 |
||